00885cam a22002415a 45000010007000000050017000070080041000240200015000650200018000800400033000980820019001311000022001502450084001722500012002562600130002683000028003985000020004266500050004466530023004969420008005199990017005279520099005441102IP20171224155237.0880624s1988 ja a fr 00110 eng d a0870118641 a1922072025103 aDLCcDLCdIUPdEG-ScBUEbeng04a694.6222bVAN10aVan Arsdale, Jay.10aShoji :bhow to design, build, and install Japanese screens /cJay van Arsdale. a1st ed.0 aTokyo ;aNew York :bKodansha International :bDistributed in U.S. by Kodansha International/USA through Harper & Row,c1988. a96 p. :bill. ;c26 cm. aIncludes index. 7aShoji screensxDesign and construction2BUEsh bGGENcDecember2017 2ddc c25791d25763 00102ddc4070aMAINbMAINc1STd2017-12-24l0o694.6 VANp000046993r2025-07-15 00:00:00yBB